Materials handling in textile mills, (Record no. 87038)

MARC details
000 -LEADER
fixed length control field 00966cam a2200265 4500
001 - CONTROL NUMBER
control field sa 68016334
003 - CONTROL NUMBER IDENTIFIER
control field DLC
005 - DATE AND TIME OF LATEST TRANSACTION
control field 20260227112653.0
008 - FIXED-LENGTH DATA ELEMENTS--GENERAL INFORMATION
fixed length control field 700709s1962 ii a 00010 eng
010 ## - LIBRARY OF CONGRESS CONTROL NUMBER
LC control number sa 68016334
025 ## - OVERSEAS ACQUISITION NUMBER
Overseas acquisition number PL480:I-E-11130
050 0# - LIBRARY OF CONGRESS CALL NUMBER
Classification number TS1403
Item number .J66
100 10 - MAIN ENTRY--PERSONAL NAME
Personal name Joshi, B. B.
245 10 - TITLE STATEMENT
Title Materials handling in textile mills,
Statement of responsibility, etc. by B. B. Joshi, assisted by N. S. Nama [and] M. J. Bhansali.
260 0# - PUBLICATION, DISTRIBUTION, ETC.
Place of publication, distribution, etc. Baroda,
Name of publisher, distributor, etc. Textile & Allied Industries Research Organisation,
Date of publication, distribution, etc. 1962.
300 ## - PHYSICAL DESCRIPTION
Extent viii, 96, XL p.
Other physical details illus. (part fold.)
Dimensions 26 cm.
350 ## - PRICE (NR) (BK AM CF MU VM SE) [OBSOLETE]
Price 9.00
500 ## - GENERAL NOTE
General note Advertisements paged I-XL interspersed throughout text.
500 ## - GENERAL NOTE
General note "This preliminary survey on materials handling practices in textile mills was undertaken by T.A.I.R.O."
650 #0 - SUBJECT ADDED ENTRY--TOPICAL TERM
Topical term or geographic name entry element Textile industry.
650 #0 - SUBJECT ADDED ENTRY--TOPICAL TERM
Topical term or geographic name entry element Materials handling.
710 20 - ADDED ENTRY--CORPORATE NAME
Corporate name or jurisdiction name as entry element Textile & Allied Industries Research Organisation.
700 10 - ADDED ENTRY--PERSONAL NAME
Personal name Nama, N. S.
700 10 - ADDED ENTRY--PERSONAL NAME
Personal name Bhansali, M. J.

No items available.

Powered by Koha